Prefectures of Japan - Sudden Death - Statistics

General Stats
  • This quiz has been taken 1,378 times
  • The average score is 8 of 28
Answers on the Grid
Answers color-coded by a green-red scale on the quiz's grid according to % correct below.
Hokkaido
Nagasaki
Yokohama
Iwate
Ibaraki
Tohoku
Kyushu
Kyoto
Ehime
Kochi
Okinawa
Kamakura
Karafuto
Shinjuku
Kobe
Kagawa
Nagoya
Nara
Kansai
Niigata
Sendai
Kawasaki
Tokyo
Tokushima
Fukushima
Toyama
Shikoku
Sapporo
Okayama
Saitama
Hyogo
Tottori
Gifu
Tsushima
Mie
Osaka
Wakayama
Saga
Aichi
Tochigi
Satsuma
Kanto
Miyagi
Kanagawa
Hakodate
 
Answer Stats
Answer % Correct
Hokkaido
77%
Nagasaki
65%
Okinawa
41%
Kyoto
40%
Iwate
36%
Ibaraki
35%
Tokyo
32%
Ehime
30%
Kochi
28%
Niigata
28%
Fukushima
27%
Kagawa
26%
Kanagawa
25%
Nara
25%
Osaka
25%
Gifu
24%
Miyagi
24%
Okayama
24%
Aichi
23%
Mie
23%
Saitama
23%
Tottori
23%
Hyogo
22%
Tochigi
22%
Tokushima
22%
Wakayama
22%
Saga
21%
Toyama
21%
No matching quizzes found
Score Distribution
Percent of People with Each Score
Percentile by Number Answered
Your Score History
You have not taken this quiz